| 000 | 00537nam a2200145Ia 4500 | ||
|---|---|---|---|
| 008 | 100204s9999 xx 000 0 und d | ||
| 082 | _b8434 | ||
| 100 | _aबोरकर बालकृष्ण भगवंत | ||
| 245 | _aघुमटावरले पारवे | ||
| 260 |
_b"बांदोडकर पब्लिशिंग हाऊस, गोवा" _c1986 |
||
| 300 | _a136 | ||
| 630 | _aघुमटावरले पारवे | ||
| 730 | _aघुमटावरले पारवे | ||
| 942 | _cBOOK | ||
| 999 |
_c452870 _d452867 |
||